000 01011nam a2200217 a 4500
008 100325s2007 ||||||||||||||||| || u
020 _a0132284634
050 _aHF 5657.4 Bam
100 _aHarrison, Walter T
245 1 0 _aManagerial accounting -- class text edition
_cby Linda Smith Bamber, Karen Wilken Braun and Walter T. Harrison
260 _aUpper Saddle River, N.J.:
_bPearson Education, Inc
_c2007
300 _axxiv, various pagings: ill.
350 _a0.00
500 _aIncludes Index
650 0 _aACCOUNTING--HANDBOOKS, MANUALS, ETC
650 0 _aMANAGERIAL ACCOUNTING
700 _aBraun, Karen Wilken
700 _aBamber, Linda Smith
995 _aANNEX COLLECTION (Main Library)
_D0.00
_e741260
_FCBU-MAIN LIBRARY (Kitwe)
_H1
_I0.00
_jHF 5657.4 Bam
_M1
_UAVAILABLE
_WMay 11, 2010
_y741260
_ZAnnex Low-Usage Collection
995 _aMAIN LIBRARY OPEN ACCESS
_D0.00
_e741261
_FCBU-MAIN LIBRARY (Kitwe)
_H1
_I0.00
_jHF 5657.4 Bam
_M2
_UAVAILABLE
_WMay 11, 2010
_y741261
_ZMain Library Open Access Collection
999 _c82500
_d82500